Frankenstein / (Registro nro. 11492)

Detalles MARC
000 -LIDER
fixed length control field 00782cam a22002773a 4500
001 - NÚMERO DE CONTROL
Identificador de número de control 0000701
003 - IDENTIFICACDOR DE NÚMERO DE CONTROL
control field DO-SdBNP
005 - DATE AND TIME OF LATEST TRANSACTION
control field 20180126100644.0
007 - CAMPOS FIJOS DE DESCRIPCIÓN FÍSICA
fixed length control field 0000701
008 - ELEMENTOS DE LONGITUD FIJA
fixed length control field 861112 1989 xxu a 000 0 spa d
010 ## - NUMERO DE CONTROL DE BIBLIOTECA DEL CONGRESO
LC control number
020 ## - ISBN
International Standard Book Number 019421642X
040 ## - FUENTE DE CATALOGACIÓN
Agencia que crea de manera original el registro BPMSU
Agencia que realiza la transcripción spa
Agencia que realiza la modificación BPMSU
--
100 1# - ASIENTO PRINCIPAL -- NOMBRE PERSONAL
Nombre personal Shelley, Mary
Fechas asociadas con el nombre 1797-1851
245 13 - MENCIÓN DE TITULO
Título Frankenstein /
Mención de responsabilidad Mary Shelley ; contada por Patrick Nobes
250 ## - MENCIÓN DE EDICION
Mención de edición 12a. reimpr. del 1998.
260 ## - PUBLICACIÓN, DISTRIBUCIÓN, ETC. (PIE DE IMPRENTA)
Lugar de publicación, distribución, etc New York, Estados Unidos :
Nombre del editor, distribuidor, etc. Oxford university press,
Fecha de publicación, distribución, etc 1989.
300 ## - DESCRIPCIÓN FÍSICA
Extensión 59 p. :
Otros detalles físicos il.
Dimensiones 20 cm.
490 0# - MENCIÓN DE SERIES
Mención de serie Oxford bookworms
Volume/sequential designation 3
500 ## - NOTA GENERAL
Nota general Libro en ingles.
600 00 - ENCABEZAMIENTO DE MATERIA--NOMBRE PERSONAL
Nombre personal
Subdivisión temática general
830 ## - ASIENTO SECUNDARIO DE SERIE--TÍTULO UNIFORME
Título uniforme Oxford bookworms
Número de la parte o sección de una obra 3
942 ## - ADDED ENTRY ELEMENTS (KOHA)
Source of classification or shelving scheme Dewey Decimal Classification
Koha item type Libros
945 ## - INFORMACIÓN DE PROCESAMIENTO LOCAL
Información de procesamiento local Inventariado extranjero / 2018 VM
956 ## - LOCAL ELECTRONIC LOCATION AND ACCESS (OCLC)
Método de acceso YLOCKWARD
Materiales especificados 10
Campo enlazado y núm. de secuencia BPMSU
Existencias
Withdrawn status Lost status Source of classification or shelving scheme Damaged status Not for loan Collection code Home library Current library Date acquired Source of acquisition Total Checkouts Barcode Date last seen Price effective from Koha item type
    Dewey Decimal Classification     Colección Infantil General Biblioteca Pública Metropolitana Salomé Ureña Biblioteca Pública Metropolitana Salomé Ureña 09/26/2016 FUNDI   BPMSU16090479 09/26/2016 09/26/2016 Libros